| 000 | 00874nam a22002297a 4500 | ||
|---|---|---|---|
| 999 |
_c16744 _d16744 |
||
| 003 | AR-CdUCM | ||
| 008 | 190506b ||||| |||| 00| 0 spa d | ||
| 040 |
_aMUNICIPALIDAD PROVINCIAL DEL CUSCO _cBIBLIOTECA MUNICIPAL DEL CUSCO |
||
| 041 | _heng | ||
| 082 |
_a980 / _bG73 |
||
| 100 |
_aGordon, Lincoln _936365 |
||
| 245 |
_aUn nuevo trato para américa latina : _bla alianza para el progreso / |
||
| 260 |
_aMéxico : _bLibreros mexicanos unidos, _c1964. |
||
| 300 |
_a151 páginas ; _c19 cm. |
||
| 505 | _aContenido: Objetivos de la alianza para el progreso -- Beneficios para el pueblo brasileño -- Aspectos económicos de la alianza... | ||
| 650 |
_aEconomía sudamericana _936366 |
||
| 650 |
_aDemocracia _92598 |
||
| 650 |
_aDesarrollo y revolución _936367 |
||
| 700 |
_aMateo, Andrés M. (traducción) _96005 |
||
| 942 |
_2ddc _cLIBROS |
||
| 945 |
_adavv _d06/05/2019 |
||